Television Quiz

Random Television or WWE Quiz
Score 0/16 Timer 04:00
0 Plays Today
% Correct
Hulk Hogan
99.7%
Jimmy Snuka
79.2%
Iron Sheik
79.2%
Roddy Piper
71.7%
Andre the Giant
71.5%
Junkyard Dog
69.5%
Hillbilly Jim
66%
Gene Okerlund
62.5%
% Correct
Mr. Fuji
61.4%
Big John Studd
60.3%
Nikolai Volkoff
59.3%
Bobby Heenan
58.8%
Lou Albano
57.9%
Tito Santana
56.5%
Fabulous Moolah
43.8%
Wendi Richter
43.7%

You're not logged in!

Compare scores with friends on all Sporcle quizzes.
OR
Log In

Sporcle TV

Today on Sporcle TV


Watch our educational content, quiz creation guides, and fun videos on Sporcle TV.

Show Comments

Extras

Top Quizzes Today


Score Distribution

Paid Content

Your Account Isn't Verified!

In order to create a playlist on Sporcle, you need to verify the email address you used during registration. Go to your Sporcle Settings to finish the process.

Report this User

Report this user for behavior that violates our Community Guidelines.

Details: